000 00750nam a2200217 a 4500
001 000011088
005 20240412074223.0
008 091014s1988 dr a 000 p spa d
040 _aDO-SdBNP
_bspa
_cBNPHU
082 _aRD861.44
_bS237d
100 1 _aSantos, Yrene
_926465
245 1 0 _aDesnudez del silencio /
_cYrene Santos; prólogo Bruno Rosario Candelier.
260 _aSanto Domingo :
_bBúho,
_c1988.
300 _a64 p. :
_bil. ;
_c21 cm.
500 _aIncluye datos biográficos de la autora en la contracubierta
590 _aInventariado, 2019 / DG
650 0 _aPoesía dominicana
_966
650 0 _aLiteratura dominicana.
_967
700 1 2 _aRosario Candelier, Bruno,
_d1941-
_epról.
_9851
910 _aValidado. Control de calidad MFF
999 _c10813
_d10813